Y No Vowels? Quiz Stats

 Plays Quiz Updated Oct 30, 2018

Also try: Vowel Movement
Challenge
Share
Tweet
Embed
Score 0/20 Timer 06:00
0 Plays Today
Definition Word % Correct
James Bond or Austin PowersSpy
90.4%
A place to work-out or have a high school danceGym
73.3%
Target of a swatter; David Cronenberg movieFly
63.8%
Amazing Grace or How Great Thou ArtHymn
61.1%
Goes with FrankincenseMyrrh
54.4%
Coordination or what Milli Vanilli's lips didSync
54.2%
Not Seattle in the fall, winter, or springDry
53.5%
Surprisingly nimble for one's ageSpry
52.2%
A tale or fable from Mount OlympusMyth
47%
Dryly amusingWry
43.3%
Definition Word % Correct
A beat or cadence...who could ask for anything more?Rhythm
42.8%
A stone chamber or vaultCrypt
34.1%
Abnormal vesicle or abscessCyst
29.7%
Paired with 'out', it intimidates; USA network TV showPsych
28.7%
Tiny tribesman or LilliputianPygmy
28.7%
The Romani people or a 1959 Stephen Sondheim musicalGypsy
27%
We hope you node this coagulable fluidLymph
19.3%
From the Greek for 'bride'Nymph
7.5%
Image used in the visual representation of charactersGlyph
6%
Alignment of three celestial objects or a 21 in ScrabbleSyzygy
4.8%

You're not logged in!

Compare scores with friends on all Sporcle quizzes.
OR
Log In

You Might Also Like...

Show Comments

Extras

Top Quizzes Today


Score Distribution

Your Account Isn't Verified!

In order to create a playlist on Sporcle, you need to verify the email address you used during registration. Go to your Sporcle Settings to finish the process.

Report this User

Report this user for behavior that violates our Community Guidelines.

Details: